000 00776nam a22002297a 4500
999 _c8854
_d8854
003 AR-CdUCM
008 190326b ||||| |||| 00| 0 spa d
040 _aMUNICIPALIDAD PROVINCIAL DEL CUSCO
_cBIBLIOTECA MUNICIPAL DEL CUSCO
082 _a515.2 /
_bC67
100 _aCohn, P. M.
_924650
245 _aEcuaciones lineales /
260 _aMéxico :
_bUteha,
_c1968.
300 _a97 páginas ;
_c18 cm.
440 _aManuales uteha
_n195
_924651
505 _aContenido : Vectores -- Resolución de un sistema de ecuaciones Matrices Resolución de un sistema de ecuaciones -- Determinantes ...
650 _aEcuaciones
_919076
650 _aLineales
_924652
650 _aResoluciones
_924653
700 _aDaltabuit, Enrique
_924654
942 _2ddc
_cLIBROS
945 _arah